00409pab a2200145 454500008004000000100001700040245009500057260000900152300001500161362001200176650001100188650001400199700002900213773002100242180718b2004 xxu||||| |||| 00| 0 eng d aBhagat, R.B. aCharacteristics and correlates of tribal fertility: a comparative study of selected tribes c2004 ap.295-310. aJul-Dec aTribes aFertility aChattopadhyay, Aparajita aDemography India